La cooperación regional en el marco del SELA: elementos para una reflexión innovadora

Wedi'i Gadw mewn:
Manylion Llyfryddiaeth
Awdur Corfforaethol: SELA
Fformat: Texto
Cyhoeddwyd: Caracas: SELA
Tagiau: Ychwanegu Tag
Dim Tagiau, Byddwch y cyntaf i dagio'r cofnod hwn!

MARC

LEADER 00000 a a2200000 04500
001 24185
003
040
090 |a 177200  
110 |a SELA  
245 |a La cooperación regional en el marco del SELA: elementos para una reflexión innovadora  
260 |a Caracas:   |b SELA  
300 |a 14 p.  
999 |c 2643  |d 2643